| Поле | Инд. | ПП | Название | Значение |
|---|---|---|---|---|
| Тип записи | a | |||
| Библиографический уровень | m | |||
| 001 | Контрольный номер | 6ead6300-24a2-4967-8696-adcd666e9b8a | ||
| 005 | Дата корректировки | 20131112065505.5 | ||
| 008 | Кодируемые данные | 000825 d | ||
| 020 | c | Цена, тираж | 96.00 | |
| 040 | a | Служба первич. каталог. | НБ ТвГУ | |
| 041 | a | Код языка текста | rus | |
| 080 | a | Индекс УДК | 947.0"17" | |
| a | Индекс УДК | 929Петр Первый | ||
| 084 | a | Индекс другой классификации/Индекс ББК | Т3(2)462-532.1 | |
| a | Индекс другой классификации/Индекс ББК | Т3(2РОС-4ТВЕ)46 | ||
| 090 | x | Авторский знак | К61 | |
| a | Полочн. индекс | Т3(2)46 | ||
| 100 | 1_ | a | Автор | Колосов Владимир Иванович |
| c | Титул (звания) | историк | ||
| d | Дата | 1854-1919 | ||
| 245 | 10 | a | Заглавие | Петр Великий в Твери |
| b | Продолж. заглавия | [Микрофильм] | ||
| 260 | 0_ | a | Место издания | Тверь |
| b | Издательство | Изд-во НБ Твер. ун-та | ||
| c | Дата издания | 1999 | ||
| 300 | a | Объем | 1 мф. (12 кд.). | |
| 500 | a | Примечание | Микрорепрод. изд.: Тверь : Изд-во Твер. учен. арх. комис., 1903. - 12 с. | |
| 583 | a | Действие | Получение впервые 163 16.05.2000 | |
| k | Исполнитель действия | Отдел микрофильмирования | ||
| 650 | a | Основная рубрика | Петр I (имп.), о нем | |
| 650 | a | Основная рубрика | Русское государство | |
| 650 | a | Основная рубрика | Тверь, город | |
| x | Основная подрубрика | История | ||
| y | Хронологическая подрубрика | 18 в. | ||
| z | Географическая подрубрика | Россия | ||
| 653 | a | Ключевые слова | Петр 1 | |
| a | Ключевые слова | История России | ||
| a | Ключевые слова | История Твери | ||
| a | Ключевые слова | Тверь | ||
| a | Ключевые слова | АВМ | ||
| a | Ключевые слова | Краеведение | ||
| a | Ключевые слова | Микрофильмы | ||
| 852 | t | Порядковый номер экземпляра | 1 | |
| p | Инвентарный номер | 722612 | ||
| 888 | a | Бесплатные | ||
| 930 | a | Новая/Ретро | АВМ | |
| a | Новая/Ретро | Микрофильмы | ||
| a | Новая/Ретро | краеведение | ||
| 952 | p | 163.2000 96.00 1 722612 | ||
| c | Вид литературы | МФК рн | ||
| 954 | a | Дата поступления на обработку | 20000627 | |
| 999 | a | Подразделение 2 | ОРК |